00428nam a2200181Ia 4500003000400000005001700004008004100021020001400062040000700076041000800083082001800091100002500109245005100134250000600185260003000191300001200221365001300233OSt20230419113510.0210423s2009 xx 000 0 und d a849318920 cAL aeng a621.3815 ATTJ aATTIA (John Okyere). aElectronics and circuit analysis using matlab. a2 aNew YorkbCRC Pressc2009 a393bPB b450cINR